• 首页
  • 本馆介绍
  • 公告通知
  • 最新文献
  • 馆藏检索
  • 电子资源
  • 读者导购
  • 参考咨询
  • 我的图书馆
  • 登录
  • 详细信息显示
  • 放入我的书架
  • 预约/预借图书
  • 作者相关作品
  • 分类相关作品
  • 丛书相关作品
  • 出版社相关作品

书目信息

  • 表格格式
  • 工作单格式
  • 卡片格式
题名:
文学概论
    
 
作者: 童庆炳 主编
分册:  
出版信息: 武汉   武汉大学出版社  1989.11
页数: 612页
开本: 20cm
丛书名:
单 册:
中图分类: I0
科图分类: 42.2
主题词: 文学理论
电子资源:
ISBN: 7-307-00603-0
000 00679nam0 2200241 45
001 0192012103
005 20071001095558.06
010    @a7-307-00603-0@dCNY6.20
100    @a19920511d1989 em y0chiy0121 ea
101 0  @achi
102    @aCN@b420000
105    @ay z 000zy
200 10 @a文学概论@AWEN XUE GAI LUN@f童庆炳主编@FTONG QING BING ZHU BIAN
210    @a武汉@c武汉大学出版社@d1989.11@h1990.12重印
215    @a612页@d20cm
300    @a全国高等教育自学考试教材 汉语言文学专业
540 1  @a文学@AWEN XUE
606 0  @a文学理论
690    @aI0
692    @a42.2
701  0 @a童庆炳@ATONG QING BING@4主编
801  0 @aCN@bNLC@c20071001
905    @f1@b258464@dI0@e181
    
    文学概论/童庆炳主编.-武汉:武汉大学出版社,1989.11(1990.12重印)
    612页;20cm
    全国高等教育自学考试教材 汉语言文学专业
    
    ISBN 7-307-00603-0:CNY6.20
    
●
相关链接 在E读中查询图书 在五车中查询图书 在当当中查询图书 在豆瓣中查询图书


正题名:文学概论     索取号:I0/181         预约/预借

序号 登录号 条形码 馆藏地/架位号 状态 备注
1 0258464   000903730   第二借阅区/ [索取号:I0/181] 在馆    
2 0626277   206262774   密集书库/ [索取号:I0/181] 在馆    
唐山师范学院图书馆 欢迎您!
大连网信软件有限公司© 版权所有